<?xml version="1.0" encoding="UTF-8"?>
<record
    xmlns:xsi="http://www.w3.org/2001/XMLSchema-instance"
    xsi:schemaLocation="http://www.loc.gov/MARC21/slim http://www.loc.gov/standards/marcxml/schema/MARC21slim.xsd"
    xmlns="http://www.loc.gov/MARC21/slim">

  <leader>01289nam a2200301 i 4500</leader>
  <controlfield tag="001">178846</controlfield>
  <controlfield tag="003">ES-MaACL</controlfield>
  <controlfield tag="005">20230911112755.0</controlfield>
  <controlfield tag="008">110718s2004    sp           |||| |aspa d</controlfield>
  <datafield tag="020" ind1=" " ind2=" ">
    <subfield code="a">84-8472-181-7</subfield>
  </datafield>
  <datafield tag="080" ind1=" " ind2=" ">
    <subfield code="a">929 Espl&#xE1;, Carlos</subfield>
  </datafield>
  <datafield tag="100" ind1="1" ind2=" ">
    <subfield code="a">Espl&#xE1;, Carlos.</subfield>
    <subfield code="9">47930</subfield>
  </datafield>
  <datafield tag="245" ind1="1" ind2="0">
    <subfield code="a">Mi vida hecha cenizas </subfield>
    <subfield code="b">: (diarios 1920-1965) / </subfield>
    <subfield code="c">Carlos Espl&#xE1; Rizo ; introducci&#xF3;n, redacci&#xF3;n y notas, Pedro L. Angosto y Encarna Fern&#xE1;ndez.</subfield>
  </datafield>
  <datafield tag="260" ind1=" " ind2=" ">
    <subfield code="a">Sevilla : </subfield>
    <subfield code="b">Renacimiento, </subfield>
    <subfield code="c">2004.</subfield>
  </datafield>
  <datafield tag="300" ind1=" " ind2=" ">
    <subfield code="a">377 p. : </subfield>
    <subfield code="b">1 retr. ; </subfield>
    <subfield code="c">24 cm.</subfield>
  </datafield>
  <datafield tag="490" ind1="1" ind2=" ">
    <subfield code="a">Biblioteca del exilio</subfield>
  </datafield>
  <datafield tag="490" ind1="1" ind2=" ">
    <subfield code="a">Memoria del exilio. </subfield>
    <subfield code="a">Anejos ; </subfield>
    <subfield code="v">6</subfield>
  </datafield>
  <datafield tag="504" ind1=" " ind2=" ">
    <subfield code="a">Bibliograf&#xED;a: p. 19-22.</subfield>
  </datafield>
  <datafield tag="505" ind1="8" ind2=" ">
    <subfield code="a">Contiene: 1 ; </subfield>
    <subfield code="t">A vueltas con la derrota. Recuerdos y a&#xF1;oranzas (1920-1949) - 2 ; </subfield>
    <subfield code="t">Tribulaciones de un traductor republicano en Naciones Unidas (1950-1959) 3 ; </subfield>
    <subfield code="t">Los &#xFA;ltimos a&#xF1;os. Tibio resurgir de la esperanza (1960-1965)</subfield>
  </datafield>
  <datafield tag="600" ind1="1" ind2="7">
    <subfield code="a">Espl&#xE1;, Carlos.</subfield>
    <subfield code="9">47930</subfield>
  </datafield>
  <datafield tag="700" ind1="1" ind2=" ">
    <subfield code="a">Angosto, Pedro L.</subfield>
    <subfield code="9">21753</subfield>
  </datafield>
  <datafield tag="700" ind1="1" ind2=" ">
    <subfield code="a">Fern&#xE1;ndez, Encarna (</subfield>
    <subfield code="q">Fern&#xE1;ndez Garc&#xED;a)</subfield>
    <subfield code="9">147369</subfield>
  </datafield>
  <datafield tag="830" ind1="0" ind2=" ">
    <subfield code="a">Biblioteca del exilio</subfield>
    <subfield code="9">180374</subfield>
  </datafield>
  <datafield tag="830" ind1="0" ind2=" ">
    <subfield code="a">Memoria del exilio. </subfield>
    <subfield code="a">Anejos ; </subfield>
    <subfield code="v">6</subfield>
    <subfield code="9">224352</subfield>
  </datafield>
  <datafield tag="852" ind1=" " ind2=" ">
    <subfield code="a">ES-MaACL</subfield>
    <subfield code="9">185711</subfield>
    <subfield code="b">R.145823</subfield>
    <subfield code="j">A-11357</subfield>
    <subfield code="c">DEPO1</subfield>
    <subfield code="d">Olim: N-4361</subfield>
  </datafield>
  <datafield tag="942" ind1=" " ind2=" ">
    <subfield code="2">udc</subfield>
  </datafield>
  <datafield tag="999" ind1=" " ind2=" ">
    <subfield code="c">178846</subfield>
    <subfield code="d">178846</subfield>
  </datafield>
  <datafield tag="952" ind1=" " ind2=" ">
    <subfield code="0">0</subfield>
    <subfield code="1">0</subfield>
    <subfield code="2">udc</subfield>
    <subfield code="4">0</subfield>
    <subfield code="7">0</subfield>
    <subfield code="a">ATENEOM</subfield>
    <subfield code="b">ATENEOM</subfield>
    <subfield code="c">DEPO1</subfield>
    <subfield code="d">2011-07-18</subfield>
    <subfield code="e">DONACION</subfield>
    <subfield code="l">0</subfield>
    <subfield code="o">A-11357</subfield>
    <subfield code="p">1187866</subfield>
    <subfield code="r">2023-02-23 00:00:00</subfield>
    <subfield code="w">2023-02-23</subfield>
    <subfield code="y">MONOGRAFIA</subfield>
  </datafield>
</record>
